000 00954nam a22003137a 4500
003 CHAP
005 20220329134150.0
008 971013s1980 r 00010 d
010 _a16423
011 _a17395
035 _a21478
040 _cCHAP
090 _aFolleto 7082
110 _aHonduras. Secretaría de Recursos Naturales
_956076
245 _aPlagas y enfermedades de los cítricos
260 _aTegucigalpa :
_b(s.e.),
_c1980
300 _a25 p.
490 _aBoletín técnico
_v; 81
590 _aBATCH-UPD
_b10
_c20130110
_lUCH01
_h1738
590 _aBATCH-UPD
_b10
_c20130410
_lUCH01
_h1118
590 _aBATCH-UPD
_b10
_c20130914
_lUCH01
_h0653
590 _aCONVERSION
_b10
_c20130109
_lUCH01
_h1310
650 1 4 _aCítricos
_xEnfermedades.
_924423
650 1 4 _aCítricos
_xPlagas.
_924458
830 0 _aBoletín técnico
_v; 81
_913560
901 _aBK
942 _cFOLL
949 _aFolleto 7082
_bBC
_cFOLL
_d-50040
_eTS1
_i21478
_mD
_si
999 _c16423
_d16423